000 00483nam a2200193Ia 4500
999 _c2795
_d2795
020 _a81-7033-719-4
082 _a341.481 HUM; Issued
245 0 _aHuman rights: concept and standards
260 _aNew Delhi
_bRawat Publications
_c2002
300 _a373p.
650 _aHuman rights
650 _aWomen's rights
650 _aLaw
650 _aInternational law
650 _aCivil rights
650 _aConstitutional law
700 _aSymonides, Janusz
942 _cBK